Typologie des céramiques greco-romaines - Statistiques

Statistiques générales
  • Ce quiz a été pris 11 fois
  • Le résultat moyen est 7 sur 12
Statistiques - réponses
Par images Réponse % Correct
Alabastre
100%
Cratère
100%
Hydrie
100%
Amphore
80%
Canthare
80%
Aryballe
60%
Kylix
60%
Lécythe
40%
Oenochoé
40%
Pyxide
40%
Skyphos
40%
Pithos
0%
Aucun quiz correspondant
Distribution des résultats
% des personnes avec chaque résultat
Percentile par nombre de réponses
Votre historique - résultats
Vous n’avez pas pris ce quiz